01042 2200313 4500001002100000005001500021035002000036007000300056008004100059020002200100040002200122082001200144084001400156245009400170850001200264264004500276336002100321337002300342338003800365300003200403856007500435852002000510500006900530650002300599100002700622700003500649990002200684990002200706INLIS00000000087401920220926021518 a0010-0922001547ta211109s2011 jkia gs ind d a978-979-22-7937-5 aYOPDYOGbinderda04223a646 a646 THR g10aGaya Sackdress Big Size dengan Batik Madura /cThrees Emir; penyunting, Intarina Hardiman aYOPDYOG31aJakarta :bGramedia Pustaka Utama,c2011 2rdacontentateks 2rdamediaakomputer 2rdacarrierasumber sambung jaring a1 berkas komputer (10,9 MB)40nPerpustakaan Digital iJogjauhttp://ijogja.id/publications/books/226788 aaplikasi iJogja aUntuk mengakses buku ini silakan unduh aplikasi http://ijogja.id 4aBusana dan pakaian0 aThrees EmirePengarang aIntarina Hardimanepenyuniting a003043-EPD/B.2017 a003044-EPD/B.2017